Tự học một nhu cầu thời đại

Sách cung cấp các kinh nghiệm của tác giả nhằm giúp người đọc đặc biệt là các thanh niên mới ra trường đỡ bỡ ngỡ khi bắt đầu tự học

保存先:
書誌詳細
第一著者: Nguyễn, Hiến Lê
フォーマット: 図書
言語:Undetermined
出版事項: Hà Nội Văn hóa Thông tin 2003
主題:
タグ: タグ追加
タグなし, このレコードへの初めてのタグを付けませんか!
Thư viện lưu trữ: Trung tâm Học liệu Trường Đại học Cần Thơ
LEADER 00803nam a2200217Ia 4500
001 CTU_60571
008 210402s9999 xx 000 0 und d
020 |b 28000 
020 |c 28000 
082 |a 371.30281 
082 |b L250 
100 |a Nguyễn, Hiến Lê 
245 0 |a Tự học một nhu cầu thời đại 
245 0 |c Nguyễn HIến Lê 
260 |a Hà Nội 
260 |b Văn hóa Thông tin 
260 |c 2003 
520 |a Sách cung cấp các kinh nghiệm của tác giả nhằm giúp người đọc đặc biệt là các thanh niên mới ra trường đỡ bỡ ngỡ khi bắt đầu tự học 
650 |a Study skills 
904 |i Minh,Hải 
980 |a Trung tâm Học liệu Trường Đại học Cần Thơ